|
|
|
|
| LEADER |
00000nab a2200000 ar4500 |
| 001 |
vtls008839498 |
| 003 |
SK-MaSNL |
| 005 |
20260426072720.0 |
| 008 |
060816c2006 xo mr|p|||an |000 b|slo |
| 015 |
|
|
|a SNBRB2006/08
|
| 038 |
|
|
|a SPK
|
| 040 |
|
|
|a SPKCL
|b slo
|c AACR2
|e AACR2
|
| 041 |
0 |
|
|a slo
|
| 044 |
|
|
|a xo
|c SK
|
| 080 |
|
|
|a 371
|x (437.6)
|2 1997
|
| 080 |
|
|
|a 331.2
|2 1997
|
| 245 |
0 |
0 |
|a Koľko zarábajú učitelia
|b platy v školstve podľa krajov
|
| 300 |
|
|
|b Tab.
|
| 504 |
|
|
|a Bibliogr. odkazy
|
| 648 |
|
7 |
|a 2004-2005
|2 snkbucl
|9 357340
|
| 650 |
0 |
7 |
|a školstvo
|2 snkbucl
|9 19712
|
| 650 |
0 |
7 |
|a plat
|2 snkbucl
|9 1048985
|
| 650 |
0 |
7 |
|a učitelia
|2 snkbucl
|9 3995
|
| 650 |
0 |
7 |
|a kraje
|2 snkbucl
|9 30530
|
| 651 |
|
7 |
|a Slovensko
|2 snkbucl
|9 14231
|
| 773 |
0 |
|
|t Pán učiteľ
|g Roč. 1, č. 10 (2006), s. 10
|x 1336-7161
|
| 852 |
|
|
|a SPK
|b KIS3GCP
|
| 958 |
|
|
|a NB
|2 snkbucl
|
| 999 |
|
|
|c 2691421
|d 2693351
|